书目信息 |
| 题名: |
IPSec解析
|
|
| 作者: | 周贤伟 主编 ;薛楠 编著 | |
| 分册: | ||
| 出版信息: | 北京 国防工业出版社 2006.05 |
|
| 页数: | 191页 | |
| 开本: | 26cm | |
| 丛书名: | 现代通信高技术丛书 | |
| 单 册: | ||
| 中图分类: | TP393.4 | |
| 科图分类: | ||
| 主题词: | 互联网络--hu lian wang luo--安全技术 | |
| 电子资源: | ||
| ISBN: | 7-118-04413-X | |
| 000 | 01002nam 2200265 450 | |
| 001 | 012006901302 | |
| 005 | 20060919102427.50 | |
| 010 | @a7-118-04413-X@dCNY25.00 | |
| 100 | @a20060618d2006 km y0chiy0120 ea | |
| 101 | 0 | @achi |
| 102 | @aCN@b110000 | |
| 105 | @aa a 000yy | |
| 200 | 1 | @aIPSec解析@AIPSec jie xi@f周贤伟主编@Fzhou xian wei zhu bian@g薛楠编著@Gxue nan bian zhu |
| 210 | @a北京@c国防工业出版社@d2006.05 | |
| 215 | @a191页@c图@d26cm | |
| 225 | 2 | @a现代通信高技术丛书@Axian dai tong xin gao ji shu cong shu |
| 320 | @a有书目。 | |
| 330 | @a本书全面地介绍了IPSec技术,详细分析了密码技术、TCP/IP技术、IPSec技术、IPSec体系结构和组件、身份认证和保密性机制、认证头和封装安全载荷的用法以及密钥交换、IP压缩、IPSec实施等技术。 | |
| 410 | 0 | @12001 @a现代通信高技术丛书 |
| 606 | 0 | @a互联网络@Ahu lian wang luo@x安全技术 |
| 690 | @aTP393.4@v4 | |
| 701 | 0 | @a周贤伟@Azhou xian wei@4主编 |
| 702 | 0 | @a薛楠@Axue nan@4编著 |
| 801 | 0 | @aCN@bQSSK@c20060919 |
| 905 | @a10447@dTP393.4@eZ807 | |
| IPSec解析/周贤伟主编/薛楠编著.-北京:国防工业出版社,2006.05 |
| 191页:图;26cm.-(现代通信高技术丛书) |
| ISBN 7-118-04413-X:CNY25.00 |
| 本书全面地介绍了IPSec技术,详细分析了密码技术、TCP/IP技术、IPSec技术、IPSec体系结构和组件、身份认证和保密性机制、认证头和封装安全载荷的用法以及密钥交换、IP压缩、IPSec实施等技术。 |
| ● |
| 相关链接 |
|
|
|
正题名:IPSec解析
索取号:TP393.4/Z807
 
预约/预借
| 序号 | 登录号 | 条形码 | 馆藏地/架位号 | 状态 | 备注 |
| 1 | 581215 | 205812156 | 自科库301/301自科库 135排1列4层/ [索取号:TP393.4/Z807] | 在馆 | |
| 2 | 581216 | 205812165 | 自科库301/301自科库 135排1列4层/ [索取号:TP393.4/Z807] | 在馆 | |
| 3 | 581217 | 205812174 | 自科二线404/404自科库 14排3列4层/ [索取号:TP393.4/Z807] | 在馆 |